Том I; Курс уголовного судопроизводства

Dades bibliogràfiques
Parent link:Курс уголовного судопроизводства: в 2 т./ И. Я. Фойницкий.— , 1910-1912
Sumari:Электронная версия печатной публикации
Idioma:rus
Publicat: СПб., Типография т-ва "Общественная польза", 1912
Matèries:
Accés en línia:http://www.lib.tpu.ru/fulltext/m/2009/consultant/foinitsky_1.pdf
Format: MixedMaterials Electrònic Llibre
KOHA link:https://koha.lib.tpu.ru/cgi-bin/koha/opac-detail.pl?biblionumber=158846

MARC

LEADER 00000nlm2a2200000 4500
001 158846
005 20231031154741.0
035 |a (RuTPU)RU\TPU\book\172276 
090 |a 158846 
100 |a 20090429d1912 km y0rusy50 ca 
101 0 |a rus 
102 |a RU 
105 |a y z 001zy 
135 |a vrcn ---uucaa 
181 0 |a i  
182 0 |a b 
200 0 |a Том I  |b Электронный ресурс 
203 |a Текст  |c электронный 
210 |a СПб.  |c Типография т-ва "Общественная польза"  |d 1912 
230 |a 1 компьютерный файл (pdf; 204 KB) 
300 |a Электронная версия печатной публикации 
337 |a Adobe Reader 
461 1 |0 (RuTPU)RU\TPU\book\172271  |t Курс уголовного судопроизводства  |o в 2 т.  |f И. Я. Фойницкий  |h Т. 1  |d 1910-1912 
606 1 |a Уголовное право   |2 stltpush  |3 (RuTPU)RU\TPU\subj\62451 
610 1 |a уголовное судопроизводство 
610 1 |a уголовный процесс 
610 1 |a уголовное право 
610 1 |a судебный процесс 
610 1 |a судебное производство 
610 1 |a судебная власть 
610 1 |a адвокатура 
610 1 |a прокуратура 
610 1 |a электронный ресурс 
686 |a Х628  |v LBC/SL-A  |2 rubbk 
801 1 |a RU  |b 63413507  |c 20090429  |g PSBO 
801 2 |a RU  |b 63413507  |c 20090522  |g PSBO 
856 4 |u http://www.lib.tpu.ru/fulltext/m/2009/consultant/foinitsky_1.pdf 
942 |c CF